| 000 | 00611nam a2200181Ia 4500 | ||
|---|---|---|---|
| 008 | 151018s9999 xx 000 0 und d | ||
| 082 |
_bRBASDV32364 _a891.463 |
||
| 100 | _aसुमन भडभडे | ||
| 245 | _aइथे बहर भाव फुलला | ||
| 250 | _b1 | ||
| 260 |
_bमनोरमा प्रकाशन मुंबई _c2000 |
||
| 300 | _a221 | ||
| 600 | _aसुमन भडभडे | ||
| 630 | _aइथे बहर भाव फुलला | ||
| 700 | _aसुमन भडभडे | ||
| 730 | _aइथे बहर भाव फुलला | ||
| 942 | _cBOOK | ||
| 999 |
_c1031889 _d1031886 |
||